Fine dell'era costantiniana : (Record n. 27460)
[ formato base ]
| 000 -LEADER | |
|---|---|
| fixed length control field | 01066nam a2200289 i 4500 |
| 003 - CONTROL NUMBER IDENTIFIER | |
| control field | IT-RoINE |
| 005 - DATE AND TIME OF LATEST TRANSACTION | |
| control field | 20220719130755.0 |
| 008 - FIXED-LENGTH DATA ELEMENTS--GENERAL INFORMATION | |
| fixed length control field | 120621s2012 it |||||r |||1|||ita d |
| 020 ## - INTERNATIONAL STANDARD BOOK NUMBER | |
| International Standard Book Number | 9788815138026 |
| 040 ## - CATALOGING SOURCE | |
| Transcribing agency | IT-RoINE |
| Modifying agency | IT-RoINE |
| 041 #7 - LANGUAGE CODE | |
| Language code of text/sound track or separate title | ita |
| Source of code | ISO-639-2 |
| 100 1# - MAIN ENTRY--PERSONAL NAME | |
| Personal name | Zamagni, Gianmaria, |
| Dates associated with a name | 1974- |
| 9 (RLIN) | 54133 |
| 245 10 - TITLE STATEMENT | |
| Title | Fine dell'era costantiniana : |
| Remainder of title | retrospettiva genealogica di un concetto critico / |
| Statement of responsibility, etc | Gianmaria Zamagni. |
| 260 ## - PUBLICATION, DISTRIBUTION, ETC. (IMPRINT) | |
| Place of publication, distribution, etc | Bologna : |
| Name of publisher, distributor, etc | Il mulino, |
| Date of publication, distribution, etc | 2012. |
| 300 ## - PHYSICAL DESCRIPTION | |
| Extent | 197 p. ; |
| Dimensions | 21 cm. |
| 336 ## - CONTENT TYPE | |
| Source | rdacontent |
| Content type term | text |
| 337 ## - MEDIA TYPE | |
| Source | rdamedia |
| Media type term | unmediated |
| 338 ## - CARRIER TYPE | |
| Source | rdacarrier |
| Carrier type term | volume |
| 490 1# - SERIES STATEMENT | |
| Series statement | Testi e ricerche di scienze religiose. Nuova serie ; |
| Volume number/sequential designation | 45 |
| 500 ## - GENERAL NOTE | |
| General note | Incluye índice alfabético. |
| 504 ## - BIBLIOGRAPHY, ETC. NOTE | |
| Bibliography, etc | Incluye bibliografía. |
| 650 #4 - SUBJECT ADDED ENTRY--TOPICAL TERM | |
| Topical term or geographic name as entry element | Cristianismo y política |
| 9 (RLIN) | 4180 |
| 650 #4 - SUBJECT ADDED ENTRY--TOPICAL TERM | |
| Topical term or geographic name as entry element | Teología política |
| 9 (RLIN) | 3623 |
| 600 00 - SUBJECT ADDED ENTRY--PERSONAL NAME | |
| Personal name | Constantino |
| Numeration | I, |
| Titles and other words associated with a name | Emperador de Roma, |
| Dates associated with a name | m. 337 |
| 9 (RLIN) | 9023 |
| 830 #0 - SERIES ADDED ENTRY--UNIFORM TITLE | |
| 9 (RLIN) | 7111 |
| Uniform title | Testi e ricerche di scienze religiose (Istituto per le scienze religiose di Bologna). |
| Name of part/section of a work | Nuova serie ; |
| Volume number/sequential designation | 45 |
| 942 ## - ADDED ENTRY ELEMENTS (KOHA) | |
| Item type | Monografías |
| Withdrawn status | Lost status | Damaged status | Not for loan | Home library | Current library | Date acquired | Total Checkouts | Full call number | Barcode | Date last seen | Price effective from | Koha item type |
|---|---|---|---|---|---|---|---|---|---|---|---|---|
| Iglesia Nacional Española en Roma | Iglesia Nacional Española en Roma | 07/11/2018 | TEO 2189 | 53189 | 07/11/2018 | 07/11/2018 | Monografías |